=LDR 00000nam 2200000 4500 =001 INLIS000000000015291 =005 20130612110554 =008 ***********************************Ind** =035 ##$$0010-061300000015291 =041 ##$$a Ind =082 ##$$a 636.083 1 =090 ##$$a 636-083 1, Unt-m =100 ##$$a Untung, Onny =245 ##$$a Membuat Kandungan TernaK Jaya Sehat, Onny Untung =260 ##$$a 1996 $b Jakarta =300 ##$$a III, 36 hlm, Ilus, 21 cm =650 ##$$a Kandungan Ternak =850 ##$$a NBPNMAT